| 000 | 007590000a22001570004500 | ||
|---|---|---|---|
| 010 | _a2012027370 | ||
| 020 | _a9780062207395 (hbk.) 0062207393 (hbk.) | ||
| 100 | _aConklin, Tara. | ||
| 245 | _aThe house girl | ||
| 260 |
_aNew York. _bWilliam Morrow. _c2/25/2013 |
||
| 300 | _a372 p. ; 24 cm. | ||
| 500 | _aA novel of love, family, and justice follows Lina Sparrow, an ambitious first-year associate in a Manhattan law firm, as she searches for the 'perfect plaintiff' to lead a historic class-action lawsuit worth trillions of dollars in reparations for descendants of American slaves. | ||
| 650 | _aFugitive slaves -- Virginia -- Fiction. | ||
| 650 | _aCorporate lawyers -- New York (State) -- New York -- Fiction. | ||
| 852 | _oF CON | ||
| 999 |
_c36524 _d36524 |
||